000 02067nam a2200397Ia 4500
001 dia_1764
003 CHAP
005 20250730182742.0
007 ta
008 220117s2016 mx f 001 0 spa d
040 _cCHAP
_amxchpua
090 _aT.C.710
_bL67 SAI
_c2016
245 1 0 _aSistema producto mero (Epinephelinae) /
_ccoordinador Vicente López Bautista ; colaboradores Erick Sebastián Aparicio Jiménez...[y otros]
260 _aMéxico :
_bEl autor,
_c2016
300 _avi, 92 hojas :
_bilustraciones, fotos
336 _2rdacontent
_atexto
_btxt
337 _2rdamedia
_ano mediado
_bn
338 _2rdacarrier
_avolumen
_bnc
500 _aGrado: 6° año Grupo: 01
502 _aViaje de estudios
_b(SAI) --
_cUACh. Departamento de Ingeniería Agroindustrial,
_d2016
504 _aBibliografía: hoja 92
505 0 0 _tEmpresas visitadas: -- 1. Industria pesquera del Sureste, S. A. de C. V. -- 2. EUROEMPACK -- 3. Distribuidora el Tigre del Sureste, S. A. de C. V. -- 4. Artes de pesca Fishing Boutique -- 5. Congeladora Ora Maryuc, S. A. de C. V. -- 6. Maspesca, S. A. de C. V. -- 7. Pulmeros -- 8. Tropesca -- 9. UNAM SASL -- 10. CINVESTAV -- 11. Comercializadora Océanica, S. A. de C. V. -- 12. Costa Pura, S. A. de C. V. -- 13. PULPESMAR, S. de R. L. de C. V. -- 14. Hielos MASPESCA -- 15. Gran Mar -- 16. CONAPESCA -- 17. FIRCO -- 18. Caiman Products -- 19. Auténticos Pescadores del Golfo -- 20. CESAY -- 21. COFEPRIS
650 1 0 _aIndustria pesquera
_zMéxico
_zYucatán
_9152012
650 1 3 _aMero
_9152013
650 1 0 _aFish industry
_zMexico
_zYucatán
_9152010
650 1 3 _aGrouper
_9152011
700 1 _aLópez Bautista, Vicente
_9147030
_ecoordinador
700 1 _aAparicio Jiménez, Erick Sebastián
_9152014
_ecolaborador
856 _uhttp://10.13.5.2/ve/TC710SAI/TC710SAI2016-REPORTE.pdf
_yDESCARGAR REPORTE
901 _aT.C.710 L67 SAI 2016
902 _aM
905 _a5232272016 mx dnl 9283123322spa16
942 _2local
942 _cVE
999 _c172525
_d172525